000 00576nam a22001577a 4500
003 OSt
005 20151104165913.0
008 151104b xxu||||| |||| 00| 0 eng d
040 _cRUA
082 _aFOR ឃិន 1994 B119 Or.1
100 _93381
_aឃិន វណ្ណះ
245 _aលក្ខណះជីវសាស្រ្ត នៃកូនឈើបណ្ដុះប្រភេទកន្ធុំថេត (Leucaena Leucocephala) នៅក្នុងថ្នាល;
260 _aPhnom Penh
_bRUA
_c1994
300 _a85p.
_bill.
_c29cm.
942 _2ddc
_cFOR
999 _c3154
_d3154